A brief history of time (Record no. 32186)

MARC details
000 -LEADER
fixed length control field 00903cim a2200301 a 4500
001 - CONTROL NUMBER
control field 5621134
003 - CONTROL NUMBER IDENTIFIER
control field BDDh-ASL
005 - DATE AND TIME OF LATEST TRANSACTION
control field 20231015031348.0
007 - PHYSICAL DESCRIPTION FIXED FIELD--GENERAL INFORMATION
fixed length control field ssulunjlcnnnu
008 - FIXED-LENGTH DATA ELEMENTS--GENERAL INFORMATION
fixed length control field 900820s1988 mdunnn l eng
010 ## - LIBRARY OF CONGRESS CONTROL NUMBER
LC control number 90740738
028 02 - PUBLISHER OR DISTRIBUTOR NUMBER
Publisher or distributor number 88980
Source Recorded Books
040 ## - CATALOGING SOURCE
Original cataloging agency DLC
Transcribing agency DLC
Modifying agency DLC
-- BDDh-ASL
050 00 - LIBRARY OF CONGRESS CALL NUMBER
Classification number RZA 1496
082 ## - DEWEY DECIMAL CLASSIFICATION NUMBER
Classification number 954
Item number HAB
100 1# - MAIN ENTRY--PERSONAL NAME
Personal name Hawking, Stephen,
Dates associated with a name 1942-2018.
245 12 - TITLE STATEMENT
Title A brief history of time
Medium [sound recording] /
Statement of responsibility, etc. by Stephen W. Hawking.
260 ## - PUBLICATION, DISTRIBUTION, ETC.
Place of publication, distribution, etc. Charlotte Hall, MD :
Name of publisher, distributor, etc. Recorded Books,
Date of publication, distribution, etc. p1988.
300 ## - PHYSICAL DESCRIPTION
Extent 5 sound cassettes (435 min.) :
Other physical details analog.
306 ## - PLAYING TIME
Playing time 071500
500 ## - GENERAL NOTE
General note An unabridged recording of the book.
500 ## - GENERAL NOTE
General note In container (22 cm.)
511 0# - PARTICIPANT OR PERFORMER NOTE
Participant or performer note Read by Nelson Runger.
650 #0 - SUBJECT ADDED ENTRY--TOPICAL TERM
Topical term or geographic name entry element Cosmology.
700 1# - ADDED ENTRY--PERSONAL NAME
Personal name Runger, Nelson.
906 ## - LOCAL DATA ELEMENT F, LDF (RLIN)
a 7
b cbc
c orignew
d 2
e ncip
f 19
g y-genmusic
942 ## - ADDED ENTRY ELEMENTS (KOHA)
Source of classification or shelving scheme Dewey Decimal Classification
Koha item type Books
Holdings
Withdrawn status Lost status Source of classification or shelving scheme Damaged status Not for loan Collection code Home library Current library Shelving location Date acquired Source of acquisition Total Checkouts Full call number Barcode Date last seen Copy number Price effective from Koha item type Public note
    Dewey Decimal Classification     Non-fiction Asiatic Society Library Asiatic Society Library General Stacks 04/29/2023 ASB Library Collection   954 HAB 120992 04/29/2023 C-1 04/29/2023 Books Y-1996

Powered by Koha